| 000 | 01356cam a2200361 4500 | ||
|---|---|---|---|
| 999 |
_c28804 _d28775 |
||
| 001 | 3136352 | ||
| 003 | EG-ScBUE | ||
| 005 | 20200923132517.0 | ||
| 008 | 720427t1972 enkabk f b 001 0 eng d | ||
| 020 | _a0713409614 | ||
| 040 |
_aDLC _beng _erda _cDLC _dDLC _dEG-ScBUE |
||
| 043 | _ae-uk--- | ||
| 082 | 0 | 4 |
_a301.36109424 _bCAR _222 |
| 100 | 1 |
_aCarey, Lynnette, _eauthor. |
|
| 245 | 1 | 4 |
_aThe sociology of planning : _ba study of social activity on new housing estates / _cLynnette Carey, research associate, University of Keele, Roy Mapes, director, Statistical Research Unit in Sociology, University of Keele. |
| 264 | 1 |
_aLondon : _bB. T. Batsford, _c1972. |
|
| 300 |
_axii, 161 pages : _billustrations, form, maps ; _c23 cm |
||
| 336 |
_2rdacontent _atext _btxt |
||
| 337 |
_2rdamedia _aunmediated _bn |
||
| 338 |
_2rdacarrier _avolume _bnc |
||
| 350 | _a£4.00 | ||
| 500 | _aIncludes glossary. | ||
| 500 | _aIncludes Appendices. | ||
| 504 | _aIncludes bibliographical references and index. | ||
| 650 | 7 |
_aHousing _zGreat Britain. _2BUEsh |
|
| 650 | 7 |
_aFamilies _zGreat Britain. _2BUEsh |
|
| 650 | 7 |
_aSocial interaction _zGreat Britain _vCase studies. _2BUEsh |
|
| 653 |
_bHHUUEENN _cSeptember2020 |
||
| 655 |
_vReading book _934232 |
||
| 700 | 1 |
_aMapes, Roy, _ejoint author. |
|
| 906 |
_a7 _bcbc _corignew _d3 _encip _f19 _gy-gencatlg |
||
| 942 |
_2ddc _cBB |
||